Geography Quiz

Random Geography or Blitz Quiz

Geography 'D' Blitz Quiz Stats

 Plays Quiz Updated Jul 5, 2017

Score 0/20 Timer 02:00
1 Play Today
Category Answer % Correct
US stateDelaware
92.3%
European countryDenmark
86.4%
African countryDjibouti
77.3%
North American countryDominica
75.6%
Mountain*Dhaulagiri
75.6%
World currencyDollar
75.1%
River*Danube
75%
African capitalDodoma
71.8%
US state capitalDenver
70%
German city*Dusseldorf
69.7%
Category Answer % Correct
Indian city*Delhi
69.1%
Multiple word countryDominican Republic
66.9%
Asian capitalDamascus
65.7%
Continental lowest pointDead Sea
55.8%
English countyDerbyshire
53.5%
4 letter world capitalDoha
53.3%
European capitalDublin
50.4%
US national parkDenali
45.2%
Major island*Devon
35.9%
Sea (not incl. salt lakes)Davis
11.6%

You're not logged in!

Compare scores with friends on all Sporcle quizzes.
OR
Log In

Show Comments

Extras

Top Quizzes Today


Score Distribution

Your Account Isn't Verified!

In order to create a playlist on Sporcle, you need to verify the email address you used during registration. Go to your Sporcle Settings to finish the process.

Report this User

Report this user for behavior that violates our Community Guidelines.

Details: